Statistics for New Orleans Pelicans NBA All-Stars

Click here to take the quiz!

General Stats

  • This quiz has been taken 781 times
    (638 since last reset)
  • The average score is 6 of 9

Answer Stats

Players#Last% Correct
Anthony Davis62019
99%
Baron Davis12004
98%
Zion Williamson22023
95%
Chris Paul42011
90%
Brandon Ingram12020
89%
DeMarcus Cousins12018
68%
David West22009
49%
Jamal Mashburn12003
33%
Jamaal Magloire12004
19%

Score Distribution

Percentile by Number Answered

Percent of People with Each Score

Your Score History

You have not taken this quiz since the last reset